01215nam a2200253 a 450000100100000000500170001000800410002704000250006808200200009310000270011324500400014026000380018030000270021850000640024559000260030965000280033565000310036391000420039495201330043695201330056995201180070295201240082099900170094400001200420240412074229.0091103s1999 dr a r 001 0 spa d aDO-SdBNPbspacBNPHU aRD861.44bC352u1 aCastillo, Luisa92840710aUn verso para ti /cLuisa Castillo. aSanto Domingo :bCarlos,c[1999]. a84 p. :bil. ;c22 cm. aIncluye datos biográficos del autora en la contracubierta aInventariado, 2018/BT 0aPoesía dominicana966 0aLiteratura dominicana.967 aValidado. Control de calidad. MMOLINA 001054708DSaGRbGRcHDd2009-11-10iLF1l0oRD861.44 C352up12004-30r2020-06-25te. 3w2020-06-25yLFDSZPréstamo en sala 001054708DSaGRbGRcHDd2009-11-10iLF1l0oRD861.44 C352up12004-40r2020-06-25te. 4w2020-06-25yLFDSZPréstamo en sala 0010718PDaPDbPDcHDd2009-11-10iLF1l0oRD861.44 C352up12004-10r2020-06-25w2020-06-25yLFPDZNo se presta 0010718PDaPDbPDcHDd2009-11-10iLF1l0oRD861.44 C352up12004-20r2020-06-25te. 2w2020-06-25yLFPDZNo se presta c11672d11672